Dictionnaire des arts de peinture. (Registro nro. 348)

000 -CABECERA
campo de control de longitud fija 00544nam a2200265Ia 4500
001 - NÚMERO DE CONTROL
campo de control 549
003 - IDENTIFICADOR DEL NÚMERO DE CONTROL
campo de control XXX
005 - FECHA Y HORA DE LA ÚLTIMA TRANSACCIÓN
campo de control 20191127135422.0
008 - DATOS DE LONGITUD FIJA--INFORMACIÓN GENERAL
campo de control de longitud fija 191123s9999 xx 000 0 und d
040 ## - FUENTE DE LA CATALOGACIÓN
Centro/agencia transcriptor XXX
041 ## - CÓDIGO DE LENGUA
Código de lengua del texto/banda sonora o título independiente fre
044 ## - CÓDIGO DEL PAÍS DE LA ENTIDAD EDITORA/PRODUCTORA
Código MARC del país fr
100 ## - ENTRADA PRINCIPAL--NOMBRE DE PERSONA
Nombre de persona Watelet, M.,
245 ## - MENCIÓN DE TÍTULO
Título Dictionnaire des arts de peinture.
260 ## - PUBLICACIÓN, DISTRIBUCIÓN, ETC.
Lugar de publicación, distribución, etc. Paris :
Nombre del editor, distribuidor, etc. Prault,
Fecha de publicación, distribución, etc. 1792.
300 ## - DESCRIPCIÓN FÍSICA
Extensión 5 v.
650 ## - PUNTO DE ACCESO ADICIONAL DE MATERIA--TÉRMINO DE MATERIA
Término de materia o nombre geográfico como elemento de entrada DICCIONARIOS
650 ## - PUNTO DE ACCESO ADICIONAL DE MATERIA--TÉRMINO DE MATERIA
Término de materia o nombre geográfico como elemento de entrada PINTURA
902 ## - ELEMENTOS DE DATOS B LOCAL, LDB (RLIN)
a M
903 ## - ELEMENTOS DE DATOS C LOCAL, LDC (RLIN)
a c
904 ## - ELEMENTOS DE DATOS D LOCAL, LDD (RLIN)
a c
907 ## - ELEMENTOS DE DATOS G LOCAL, LDG (RLIN)
a Impreso
942 ## - ELEMENTOS DE PUNTO DE ACCESO ADICIONAL (KOHA)
Tipo de ítem Koha Libro
Fuente del sistema de clasificación o colocación
Existencias
Estado de retiro Estado de pérdida Estado dañado No para préstamo Localización permanente Ubicación/localización actual Fecha de adquisición Signatura topográfica completa Fecha visto por última vez Precio válido a partir de Tipo de ítem Koha Código de barras
        Biblioteca Horacio Butler Biblioteca Horacio Butler 2019-11-23 B - 7 2019-11-23 2019-11-23 Colección  
        Biblioteca Horacio Butler Biblioteca Horacio Butler 2019-11-23 B - 7 2019-11-23 2019-11-23 Colección 69/1 al 69/5

Con tecnología Koha